[Event "62nd ch-IND 2025"]
[Site "Guntur IND"]
[Date "2025.09.22"]
[Round "2.1"]
[White "Adhiraj Mitra"]
[Black "Iniyan, Pa"]
[Result "0-1"]
[BlackTitle "GM"]
[WhiteElo "2064"]
[BlackElo "2599"]
[WhiteFideId "25128531"]
[BlackFideId "25002767"]
[EventDate "2025.09.21"]

1. e4 c5 2. Nf3 d6 3. d4 cxd4 4. Nxd4 Nf6 5. Nc3 a6 6. f3 e6 7. Be3 b5 8. a3
Nbd7 9. g4 Nb6 10. Qd2 Bb7 11. O-O-O Rc8 12. h4 Nfd7 13. Rh3 Ne5 14. Qe1 Qc7 15.
Bg1 Be7 16. Be2 Nec4 17. f4 O-O 18. f5 e5 19. Nb3 d5 20. exd5 b4 21. axb4 Bxb4
22. Bxc4 Nxc4 23. Qe4 Rfd8 24. Na4 Rxd5 25. Rxd5 Nd6 26. Qe2 Bxd5 27. Nb6 Bc4
28. Qd1 Rb8 29. Nxc4 Qxc4 30. Rd3 h5 31. f6 a5 32. Bc5 Ne4 33. Bxb4 Nf2 34. Rd8+
Kh7 35. Qg1 Rxd8 36. Qxf2 axb4 37. Nd2 Qxg4 38. fxg7 Kxg7 39. Qh2 Qd4 40. Qg3+
Kf8 41. Qg5 Qxd2+ 42. Qxd2 Rxd2 43. Kxd2 f5 44. Kd3 Ke7 45. Kc4 f4 46. Kd3 f3
47. c3 bxc3 48. bxc3 e4+ 49. Ke3 Kd6 50. Kd2 Kc5 51. Ke3 Kc4 52. Kd2 Kb3 0-1

[Event "62nd ch-IND 2025"]
[Site "Guntur IND"]
[Date "2025.09.22"]
[Round "2.2"]
[White "Ganguly, Surya Shekhar"]
[Black "Yashad Bambeshwar"]
[Result "1-0"]
[WhiteTitle "GM"]
[WhiteElo "2573"]
[BlackElo "2057"]
[WhiteFideId "5002150"]
[BlackFideId "25972324"]
[EventDate "2025.09.21"]

1. e4 e5 2. Nf3 Nc6 3. Bc4 Nf6 4. d3 Bc5 5. O-O d6 6. c3 O-O 7. h3 a5 8. Re1 h6
9. Nbd2 Be6 10. Bb5 Qb8 11. Bxc6 bxc6 12. d4 exd4 13. cxd4 Bb6 14. a4 Qa7 15.
Nb1 d5 16. e5 Ne4 17. Nc3 c5 18. Nxe4 dxe4 19. Nd2 cxd4 20. Nxe4 Bf5 21. Bxh6
Rfe8 22. Nf6+ gxf6 23. Qf3 fxe5 24. Rxe5 Re6 25. Rxf5 Rxh6 26. Rxf7 Rh7 27. Rxh7
Kxh7 28. Qf7+ Kh8 29. Qf6+ Kg8 30. Ra3 1-0

[Event "62nd ch-IND 2025"]
[Site "Guntur IND"]
[Date "2025.09.22"]
[Round "2.3"]
[White "Guru Prakash"]
[Black "Sethuraman, S.P."]
[Result "0-1"]
[BlackTitle "GM"]
[WhiteElo "2055"]
[BlackElo "2572"]
[WhiteFideId "25138316"]
[BlackFideId "5021596"]
[EventDate "2025.09.21"]

1. e4 c5 2. Nf3 d6 3. d4 cxd4 4. Nxd4 Nf6 5. Nc3 a6 6. h3 e6 7. g4 Be7 8. g5
Nfd7 9. h4 b5 10. Bg2 Bb7 11. Be3 Nb6 12. b3 N8d7 13. a3 Qc7 14. Qd2 Rc8 15.
Nde2 O-O 16. O-O Ne5 17. Rad1 Rfd8 18. Qd4 Nbd7 19. Bc1 a5 20. Nxb5 Qxc2 21. Qe3
Qc5 22. Ned4 Ng6 23. Qg3 e5 24. Nf5 Qxb5 25. h5 Nf4 26. Nxe7+ Kf8 27. Bxf4 exf4
28. Qxf4 Kxe7 29. Qxd6+ Ke8 30. Qg3 Nf8 31. Bh3 Rxd1 32. Rxd1 Rd8 33. Rxd8+ Kxd8
34. Qb8+ Ke7 35. Qc7+ Nd7 36. Bf5 Bc6 37. a4 Qb7 38. Qxa5 Qxb3 39. Qc7 Qd1+ 40.
Kh2 Qxh5+ 41. Bh3 Bxa4 42. Qa5 Qd1 43. Qb4+ Qd6+ 44. Qxd6+ Kxd6 45. Kg3 Nc5 46.
f3 Ke5 47. Bf5 g6 48. Bh3 Ne6 0-1

[Event "62nd ch-IND 2025"]
[Site "Guntur IND"]
[Date "2025.09.22"]
[Round "2.4"]
[White "Sasikiran, Krishnan"]
[Black "Banik Hrishikesh Kumar"]
[Result "1-0"]
[WhiteTitle "GM"]
[WhiteElo "2524"]
[BlackElo "2053"]
[WhiteFideId "5004985"]
[BlackFideId "25762940"]
[EventDate "2025.09.21"]

1. Nf3 Nf6 2. g3 e6 3. Bg2 d5 4. O-O Be7 5. d3 O-O 6. a4 c5 7. e4 Nc6 8. Qe2 b6
9. Bf4 Ba6 10. e5 Nd7 11. h4 Re8 12. Na3 Bb7 13. c3 a6 14. d4 cxd4 15. cxd4 Nb4
16. Rfc1 Nb8 17. Nc2 Nxc2 18. Qxc2 Nc6 19. Ng5 g6 20. Nf3 Rc8 21. Qd1 Qd7 22. h5
Nb4 23. hxg6 hxg6 24. Rc3 Rxc3 25. bxc3 Nc6 26. Nh2 Qd8 27. Ng4 g5 28. Be3 Kg7
29. f4 Na5 30. fxg5 Nc4 31. Nf6 Nxe3 32. Qd3 Nf5 33. g4 Rh8 34. gxf5 exf5 35.
Qxf5 Bc8 36. Qf3 Be6 37. Rf1 Qc8 38. Nh5+ Rxh5 39. Qxh5 Qxc3 40. Qh6+ Kg8 41. g6
Qxd4+ 42. Kh1 Qh4+ 43. Qxh4 Bxh4 44. gxf7+ Bxf7 45. Bh3 Be7 46. Bc8 a5 47. Bd7
d4 48. Bb5 Bg6 49. Kg2 Bb4 50. Kf3 d3 51. Rg1 Kh7 52. Bc6 Kh6 53. Be4 Bh5+ 54.
Kf4 d2 55. Bc2 Be8 56. Rg8 Bf7 57. Rg1 Bc5 58. Rg2 Bb4 59. Bd1 Bg6 60. Bb3 Be8
61. Bc2 Bf7 62. Kf5 Bc4 63. Kf6 Kh5 64. Bd1+ 1-0

[Event "62nd ch-IND 2025"]
[Site "Guntur IND"]
[Date "2025.09.22"]
[Round "2.5"]
[White "Sharnarthi Shlok"]
[Black "Vignesh, N R"]
[Result "0-1"]
[BlackTitle "GM"]
[WhiteElo "2046"]
[BlackElo "2516"]
[WhiteFideId "25977776"]
[BlackFideId "25012215"]
[EventDate "2025.09.21"]

1. e4 c5 2. Nc3 Nc6 3. g3 g6 4. Bg2 Bg7 5. d3 e6 6. Be3 Nd4 7. Qd2 Ne7 8. Nd1 b6
9. c3 Ndc6 10. Bh6 Bxh6 11. Qxh6 Ba6 12. Ne3 Qc7 13. Nf3 O-O-O 14. O-O-O f5 15.
Rhe1 Rdf8 16. Kb1 Bxd3+ 17. Rxd3 fxe4 18. Rd2 exf3 19. Bf1 Kb8 20. Nc4 d5 21.
Na3 e5 22. Qh4 e4 23. c4 Nf5 24. Qg5 d4 25. Rxe4 Nd6 26. Re1 Re8 27. Rdd1 Ne4
28. Qh4 g5 29. Qh5 Re5 30. Rxe4 Rxe4 31. Qxf3 Rhe8 32. Nc2 g4 33. Qf5 Qg7 34.
Qd5 R8e6 35. a3 R4e5 36. Qh1 Qf8 37. Bg2 Na5 38. Bd5 Re7 39. b4 Re2 40. f3 gxf3
41. Qxf3 Qxf3 42. Bxf3 Rf2 43. Bd5 Ree2 44. Nxd4 Rb2+ 45. Ka1 cxd4 46. bxa5 Ra2+
47. Kb1 Rfb2+ 48. Kc1 Rxh2 49. Kb1 Rhb2+ 50. Kc1 Ra1+ 51. Kxb2 Rxd1 52. axb6
axb6 53. Be4 h6 54. g4 Rg1 55. Bf5 Rg3 56. a4 Kc7 57. Kc2 Kd6 58. Kd2 Kc5 59.
Be6 Ra3 0-1

[Event "62nd ch-IND 2025"]
[Site "Guntur IND"]
[Date "2025.09.22"]
[Round "2.6"]
[White "Aronyak, Ghosh"]
[Black "Vivaan, Vijay Saraogi"]
[Result "1-0"]
[WhiteTitle "IM"]
[BlackTitle "CM"]
[WhiteElo "2514"]
[BlackElo "2043"]
[WhiteFideId "25072846"]
[BlackFideId "25787101"]
[EventDate "2025.09.21"]

1. e4 c5 2. Nf3 Nc6 3. Bb5 Nd4 4. Nxd4 cxd4 5. c3 Qb6 6. Ba4 Nf6 7. d3 e6 8. O-O
Bc5 9. Nd2 O-O 10. Nf3 d5 11. e5 Nd7 12. Bd2 dxc3 13. bxc3 f6 14. d4 Be7 15. Bc2
f5 16. g4 Qd8 17. Kh1 fxg4 18. Ng1 Bg5 19. f4 Bh6 20. Qxg4 Nb6 21. Rae1 Nc4 22.
Bc1 Qa5 23. Rf3 Qxa2 24. Bd3 Bd7 25. Rh3 Kh8 26. Nf3 Nb2 27. Qg2 Nxd3 28. Qxa2
Nxe1 29. Nxe1 Bxf4 30. Qb1 h6 31. Bxf4 Rxf4 32. Qxb7 Raf8 33. Rf3 Ba4 34. Qb4
Rxf3 35. Nxf3 Rxf3 36. Qxa4 Rxc3 37. Qe8+ 1-0

[Event "62nd ch-IND 2025"]
[Site "Guntur IND"]
[Date "2025.09.22"]
[Round "2.7"]
[White "Lasya, Goli"]
[Black "Gupta, Abhijeet"]
[Result "0-1"]
[WhiteTitle "WFM"]
[BlackTitle "GM"]
[WhiteElo "2040"]
[BlackElo "2511"]
[WhiteFideId "5068800"]
[BlackFideId "5010608"]
[EventDate "2025.09.21"]

1. e4 c5 2. Nf3 d6 3. d4 cxd4 4. Nxd4 Nf6 5. Nc3 Nc6 6. Bg5 e6 7. Qd3 Bd7 8.
O-O-O a6 9. Kb1 Be7 10. f4 Rc8 11. Nb3 b5 12. Be2 b4 13. e5 bxc3 14. exf6 gxf6
15. Qxc3 Nb8 16. Qd4 e5 17. fxe5 dxe5 18. Qe4 fxg5 19. Qxe5 O-O 20. Bd3 f6 21.
Qe4 f5 22. Qd5+ Kh8 23. Rhe1 Bf6 24. Rf1 Qc7 25. Nd4 Nc6 26. Nxc6 Bxc6 27. Qxf5
Bxb2 28. Qxf8+ Rxf8 29. Rxf8+ Kg7 30. Rdf1 Ba3 31. R8f7+ Qxf7 32. Rxf7+ Kxf7 33.
g3 h6 34. Bxa6 Ke6 0-1

[Event "62nd ch-IND 2025"]
[Site "Guntur IND"]
[Date "2025.09.22"]
[Round "2.8"]
[White "Rohith, Krishna S"]
[Black "Borkhetariya Devarsh M"]
[Result "1-0"]
[WhiteTitle "IM"]
[WhiteElo "2503"]
[BlackElo "2040"]
[WhiteFideId "46617051"]
[BlackFideId "25777033"]
[EventDate "2025.09.21"]

1. d4 Nf6 2. c4 e6 3. Nf3 b6 4. a3 Bb7 5. Nc3 Ne4 6. Nxe4 Bxe4 7. Nd2 Bg6 8. e3
d5 9. Be2 c6 10. O-O Bd6 11. b4 O-O 12. Bb2 Nd7 13. Rc1 Nf6 14. c5 bxc5 15. dxc5
Bc7 16. Ba6 Rb8 17. Qa4 Ne4 18. Nf3 Qd7 19. Nd4 Be5 20. f3 Bxd4 21. Bxd4 e5 22.
Bxe5 Rbe8 23. Bf4 Nf6 24. b5 Re6 25. bxc6 Qxc6 26. Qxc6 Rxc6 27. Bb7 Re6 28. c6
Nh5 29. c7 Nxf4 30. exf4 1-0

[Event "62nd ch-IND 2025"]
[Site "Guntur IND"]
[Date "2025.09.22"]
[Round "2.9"]
[White "Ayushh, Ravikumar"]
[Black "Lalit Babu M R"]
[Result "0-1"]
[WhiteTitle "FM"]
[BlackTitle "GM"]
[WhiteElo "2038"]
[BlackElo "2502"]
[WhiteFideId "35039482"]
[BlackFideId "5024595"]
[EventDate "2025.09.21"]

1. d4 Nf6 2. Nf3 e6 3. c4 Bb4+ 4. Nc3 b6 5. e3 O-O 6. Bd3 d5 7. O-O c5 8. Qe2
Bb7 9. Rd1 Nbd7 10. Bd2 cxd4 11. exd4 dxc4 12. Bxc4 Rc8 13. Ba6 Bxa6 14. Qxa6
Bxc3 15. Bxc3 Qc7 16. Rac1 Nd5 17. Bd2 Qb8 18. a4 h6 19. h3 Rfd8 20. Re1 Nc7 21.
Rcd1 Nd5 22. Rc1 Nc7 23. Qe2 Qb7 24. Rc4 Nd5 25. Rec1 Ne7 26. Bf4 Rxc4 27. Rxc4
Rc8 28. Nd2 Nf5 29. Qe4 Qa6 30. b3 Nf6 31. Qd3 Rxc4 32. Nxc4 Nd5 33. Bd2 Qc8 34.
g3 Qd8 35. Ne5 Nde7 36. Be3 f6 37. Nf3 Qd5 38. Kg2 Nc6 39. Qc4 Qe4 40. d5 Qxd5
41. Qxd5 exd5 42. Bf4 Kf7 43. g4 Nfd4 44. Nd2 Ke6 45. f3 Na5 46. b4 Nc4 47. Nb1
Nb2 48. a5 bxa5 49. bxa5 Nc6 50. a6 Nd3 51. Bg3 Ndb4 52. Nc3 Nxa6 53. f4 Nab4
54. f5+ Ke7 55. Kf3 a5 56. Ke2 Nd4+ 57. Ke3 Nb3 58. Nb5 Kd7 59. Na3 d4+ 60. Kf3
d3 61. Nc4 Kc6 62. Bf4 Nd5 0-1

[Event "62nd ch-IND 2025"]
[Site "Guntur IND"]
[Date "2025.09.22"]
[Round "2.10"]
[White "Sengupta, Deep"]
[Black "Karan J P"]
[Result "1-0"]
[WhiteTitle "GM"]
[WhiteElo "2490"]
[BlackElo "2035"]
[WhiteFideId "5008352"]
[BlackFideId "25033603"]
[EventDate "2025.09.21"]

1. e4 c5 2. Nf3 d6 3. d4 cxd4 4. Nxd4 Nf6 5. Nc3 a6 6. a4 e5 7. Nf3 h6 8. Bc4
Be6 9. Qe2 Nbd7 10. O-O Be7 11. Rd1 Rc8 12. Ba2 Qc7 13. a5 O-O 14. Nh4 Rfd8 15.
Be3 Bf8 16. Nf5 Kh7 17. Qf3 Qc6 18. h3 g6 19. Ng3 Kg7 20. Rd2 Qc7 21. Bb3 Be7
22. Qd1 Nc5 23. Bd5 Bxd5 24. Nxd5 Nxd5 25. Rxd5 Nd7 26. c3 h5 27. Qb3 Qc6 28. f3
h4 29. Nf1 f5 30. exf5 gxf5 31. f4 Nf6 32. Rd2 Ne4 33. Re2 Rf8 34. Nd2 Ng3 35.
Rf2 Bf6 36. Ra4 Rc7 37. Rb4 Qd7 38. Rb6 Rf7 39. Nf3 Re7 40. fxe5 dxe5 41. Rd2
Qe8 42. Bh6+ Kxh6 43. Rxf6+ Kg7 44. Rdd6 Ne4 45. Rg6+ Qxg6 46. Rxg6+ Kxg6 47.
Qg8+ 1-0

[Event "62nd ch-IND 2025"]
[Site "Guntur IND"]
[Date "2025.09.22"]
[Round "2.11"]
[White "Simhadri Sai Hrushikesh"]
[Black "Ajay Santhosh Parvathareddy"]
[Result "0-1"]
[BlackTitle "FM"]
[WhiteElo "2031"]
[BlackElo "2482"]
[WhiteFideId "45058105"]
[BlackFideId "25998676"]
[EventDate "2025.09.21"]

1. e4 c5 2. Nf3 d6 3. Bb5+ Nd7 4. c3 Nf6 5. Bd3 e6 6. Bc2 b5 7. d4 Bb7 8. Qe2 a6
9. O-O Be7 10. Rd1 Qc7 11. Bd3 O-O 12. Nbd2 e5 13. d5 Nh5 14. Nf1 g6 15. Bh6
Rfe8 16. Qd2 Bf8 17. Ng3 Bxh6 18. Qxh6 Nf4 19. Ne2 Nxe2+ 20. Bxe2 c4 21. Ng5 Nf8
22. h4 f6 23. Nf3 Rec8 24. h5 Qg7 25. Qe3 Nd7 26. Nh4 Nc5 27. hxg6 hxg6 28. Bg4
Re8 29. Qh3 Qh6 30. Re1 Kg7 31. Rad1 Rh8 32. Nf3 Qxh3 33. Bxh3 Nd3 34. Rxd3 cxd3
35. Re3 Rh5 36. Rxd3 Rah8 37. Kf1 f5 38. Nd2 Bc8 39. Ke2 Rh4 40. exf5 gxf5 41.
Nf1 e4 42. Rd4 Kf6 43. Nd2 Bb7 44. a4 Rc8 45. axb5 axb5 46. f3 exf3+ 47. Nxf3
Re4+ 48. Rxe4 fxe4 49. Nd2 Re8 50. Bd7 Re7 51. Bxb5 Bxd5 52. Ke3 Ke5 53. c4 Bb7
54. Nb3 Rg7 55. Na5 d5 56. cxd5 Bxd5 57. Bf1 Rg3+ 58. Kd2 e3+ 59. Kd3 Kf4 60. b4
Bxg2 61. Be2 Be4+ 62. Kc3 Bf3 63. Bd3 e2 64. Kd2 Rg1 65. Bxe2 Rg2 66. b5 Bxe2
67. b6 Ba6+ 68. Kc3 Rg6 69. b7 Rb6 70. Kd4 Bxb7 71. Kc5 Rb1 0-1

[Event "62nd ch-IND 2025"]
[Site "Guntur IND"]
[Date "2025.09.22"]
[Round "2.12"]
[White "Srihari, L R"]
[Black "Gurung, Rahul"]
[Result "1-0"]
[WhiteTitle "GM"]
[WhiteElo "2481"]
[BlackElo "2028"]
[WhiteFideId "46617116"]
[BlackFideId "35015117"]
[EventDate "2025.09.21"]

1. e4 e5 2. Nf3 Nc6 3. g3 Nf6 4. d3 d5 5. exd5 Qxd5 6. Bg2 e4 7. Nc3 Bb4 8. Nd2
Bxc3 9. bxc3 Bg4 10. Nxe4 O-O-O 11. f3 Rhe8 12. Be3 Nxe4 13. fxe4 Qh5 14. Qd2 f5
15. h3 Bf3 16. g4 Qh4+ 17. Bf2 Qf6 18. g5 Qd6 19. Bxf3 fxe4 20. Bg4+ Kb8 21. Kf1
Ne5 22. Qe3 Nxg4 23. hxg4 Qa6 24. Re1 b6 25. Qd2 Qxa2 26. Rxh7 Rxd3 27. Qxd3
exd3 28. Rxe8+ Kb7 29. cxd3 Qf7 30. Re4 Qf3 31. Re3 Qd1+ 32. Be1 g6 33. Kg2
Qxg4+ 34. Bg3 Qxg5 35. Rxc7+ Ka6 36. Kf2 Qa5 37. Ree7 Qf5+ 38. Ke3 Qg5+ 39. Bf4
Qg1+ 40. Ke4 Qg2+ 41. Kd4 Qf2+ 42. Be3 Qh4+ 43. Kd5 Qh5+ 44. Kc4 Qg4+ 45. Bd4 1-0

[Event "62nd ch-IND 2025"]
[Site "Guntur IND"]
[Date "2025.09.22"]
[Round "2.13"]
[White "Ayush, Sharma"]
[Black "Devesh, Anand Naik"]
[Result "1-0"]
[WhiteTitle "IM"]
[WhiteElo "2457"]
[BlackElo "2016"]
[WhiteFideId "45010943"]
[BlackFideId "45005702"]
[EventDate "2025.09.21"]

1. e4 c5 2. Nf3 d6 3. Nc3 Nf6 4. d4 cxd4 5. Nxd4 a6 6. Bd3 g6 7. f3 Qb6 8. a3
Nc6 9. Be3 e5 10. Nf5 Qd8 11. Ng3 Bg7 12. Qd2 Be6 13. O-O-O O-O 14. h4 b5 15.
Nd5 Bxd5 16. exd5 Na5 17. h5 Qc7 18. Kb1 Rfb8 19. Bh6 b4 20. hxg6 fxg6 21. axb4
Nc4 22. Bxc4 Qxc4 23. Bxg7 Rxb4 24. c3 Ra4 25. Bxf6 Rb8 26. Qc2 Ra3 27. Rxh7
Rxb2+ 28. Qxb2 Rb3 29. Rg7+ Kf8 30. Rh1 Qd3+ 31. Ka1 Qe4 32. Rh8# 1-0

[Event "62nd ch-IND 2025"]
[Site "Guntur IND"]
[Date "2025.09.22"]
[Round "2.14"]
[White "Ramakrishna, J."]
[Black "Dhulipalla, Bala Chandra Prasad"]
[Result "1-0"]
[WhiteTitle "FM"]
[BlackTitle "IM"]
[WhiteElo "2028"]
[BlackElo "2446"]
[WhiteFideId "5008174"]
[BlackFideId "25005812"]
[EventDate "2025.09.21"]

1. e4 e5 2. Nc3 Nf6 3. f4 d5 4. fxe5 Nxe4 5. Nf3 Be7 6. d3 Nxc3 7. bxc3 c5 8.
Be2 Nc6 9. O-O h6 10. Rb1 Qc7 11. d4 c4 12. Ne1 O-O 13. Bf4 Be6 14. Qd2 Kh7 15.
g3 Qd7 16. Ng2 f6 17. exf6 Bxf6 18. Be3 Rae8 19. Nf4 Bf5 20. Rf2 Be4 21. Bf1 b6
22. Bh3 Qd6 23. Rbf1 Bd8 24. a4 Re7 25. Ng2 Ree8 26. Nf4 a6 27. Qd1 Bf5 28. Bg2
Be4 29. Qh5 Bg5 30. Bc1 Bxg2 31. Kxg2 Bxf4 32. Bxf4 Qe6 33. h4 b5 34. axb5 axb5
35. Kg1 Kg8 36. Rf3 Rf5 37. Qg4 h5 38. Qh3 Qf7 39. Qg2 Rf8 40. Re3 b4 41. cxb4
Nxd4 42. Rfe1 Kh7 43. c3 Nb5 44. Qc2 Qg6 45. Kh2 1-0

[Event "62nd ch-IND 2025"]
[Site "Guntur IND"]
[Date "2025.09.22"]
[Round "2.15"]
[White "Mrittika Mallick"]
[Black "Krishna, C R G"]
[Result "1/2-1/2"]
[BlackTitle "IM"]
[WhiteElo "2024"]
[BlackElo "2440"]
[WhiteFideId "25902997"]
[BlackFideId "5018625"]
[EventDate "2025.09.21"]

1. e4 e6 2. d4 d5 3. e5 c5 4. c3 Bd7 5. Nf3 Ne7 6. Na3 cxd4 7. cxd4 Qb6 8. Bd3
Nf5 9. Nc2 Nc6 10. Bxf5 exf5 11. O-O Be7 12. Bg5 O-O 13. Qd2 Rac8 14. b3 h6 15.
Bxe7 Nxe7 16. h4 Rc7 17. Rfc1 Rfc8 18. Nce1 Bb5 19. Rc2 Rxc2 20. Nxc2 Qc7 21.
Nce1 Qc3 22. Rd1 a5 23. Qxc3 Rxc3 24. Rd2 f4 25. Rc2 Rxc2 26. Nxc2 Nf5 27. Kh2
Bd3 28. Nce1 Be4 29. g4 fxg3+ 30. fxg3 h5 31. Kh3 Ne3 32. Kh2 b5 33. a4 bxa4 34.
bxa4 Bxf3 35. Nxf3 Nc4 36. Kh3 Kh7 37. g4 Kg6 38. Kg3 Nb6 39. Ng5 f6 40. gxh5+
Kf5 41. e6 Nc8 42. Nf7 Kxe6 43. Nd8+ Kf5 44. Kf3 Nb6 45. Nc6 Nc4 46. Ne7+ Ke6
47. Nc6 Kf5 48. Ne7+ Ke6 1/2-1/2

[Event "62nd ch-IND 2025"]
[Site "Guntur IND"]
[Date "2025.09.22"]
[Round "2.16"]
[White "Abhinav Raj"]
[Black "Vignesh Advaith Vemula"]
[Result "0-1"]
[WhiteElo "2015"]
[BlackElo "2431"]
[WhiteFideId "25633139"]
[BlackFideId "25792059"]
[EventDate "2025.09.21"]

1. e4 d6 2. d4 Nf6 3. Nc3 e5 4. Nf3 exd4 5. Nxd4 Be7 6. Be2 O-O 7. O-O Re8 8. f4
Bf8 9. Bf3 c6 10. Re1 Nbd7 11. Be3 Qc7 12. a4 Nc5 13. Bf2 g6 14. b4 Ne6 15. f5
Nxd4 16. Bxd4 Nd7 17. Rf1 Ne5 18. Be2 Bg7 19. Qd2 Qe7 20. Rad1 Bd7 21. Qf4 f6
22. Qg3 gxf5 23. Bh5 f4 24. Qxf4 Rf8 25. g4 Be6 26. Ne2 a5 27. b5 cxb5 28. axb5
Bc4 29. Nc3 a4 30. Rfe1 a3 31. Nd5 Bxd5 32. exd5 Ra4 33. Re4 a2 34. Bxe5 Rxe4
35. Qxe4 Qxe5 36. Qa4 Qe3+ 37. Kf1 Qf3+ 38. Ke1 f5 39. Qxa2 Bc3+ 0-1

[Event "62nd ch-IND 2025"]
[Site "Guntur IND"]
[Date "2025.09.22"]
[Round "2.17"]
[White "Audi, Ameya"]
[Black "Challa Saharsha"]
[Result "1-0"]
[WhiteTitle "IM"]
[WhiteElo "2430"]
[BlackElo "2014"]
[WhiteFideId "25034430"]
[BlackFideId "25168525"]
[EventDate "2025.09.21"]

1. c4 c5 2. Nf3 Nc6 3. Nc3 g6 4. e3 Nf6 5. d4 cxd4 6. exd4 d5 7. cxd5 Nxd5 8.
Bc4 Nb6 9. Bb5 Bg7 10. O-O O-O 11. Bxc6 bxc6 12. h3 Be6 13. Re1 Bd5 14. Bg5 Re8
15. Nxd5 Nxd5 16. Rc1 Qb6 17. Qd2 Rab8 18. b3 Rbc8 19. Rc4 Rc7 20. Rec1 Rec8 21.
h4 e6 22. Qe1 c5 23. Bd2 cxd4 24. h5 Rxc4 25. bxc4 Ne7 26. h6 Bh8 27. Bf4 Qc5
28. Ne5 Bxe5 29. Bxe5 Nc6 30. Bg7 Rd8 31. Qe4 d3 32. Rd1 d2 33. Bf6 Rd7 34. Bc3
Ne7 35. Bb4 Qc7 36. Bxe7 1-0

[Event "62nd ch-IND 2025"]
[Site "Guntur IND"]
[Date "2025.09.22"]
[Round "2.18"]
[White "Kiran, Manisha Mohanty"]
[Black "Goutham Krishna H"]
[Result "0-1"]
[WhiteTitle "WGM"]
[BlackTitle "IM"]
[WhiteElo "2013"]
[BlackElo "2418"]
[WhiteFideId "5019575"]
[BlackFideId "25983504"]
[EventDate "2025.09.21"]

1. e4 d5 2. exd5 Qxd5 3. Nc3 Qd6 4. d4 Nf6 5. Nf3 a6 6. g3 b5 7. Bg2 Bb7 8. O-O
e6 9. Re1 Be7 10. Bf4 Qb6 11. a4 O-O 12. a5 Qa7 13. Bxc7 Nbd7 14. Bf4 Rac8 15.
Ne5 Bxg2 16. Kxg2 Bb4 17. Re3 Bxc3 18. Rxc3 Rxc3 19. bxc3 Rc8 20. Nxd7 Qxd7 21.
Qf3 Qd5 22. Qxd5 Nxd5 23. Bd2 Kf8 24. Kf3 Nxc3 25. Ke3 Nd5+ 26. Kd3 Ke7 27. g4
Kd6 28. Re1 Rc4 29. f4 Ne7 30. c3 Nc6 31. f5 e5 32. g5 exd4 33. Re8 Ne5+ 34. Kc2
dxc3 35. Bc1 Nc6 36. Ra8 Kd5 37. Rf8 Nd4+ 38. Kd3 Nxf5 39. Rxf7 Ke6 40. Rb7 Rc6
41. h4 c2 42. h5 Kd5 43. Rf7 Ke5 44. Rb7 h6 45. g6 Ng3 46. Re7+ Kf5 47. Rxg7
Nxh5 48. Rh7 Nf4+ 0-1

[Event "62nd ch-IND 2025"]
[Site "Guntur IND"]
[Date "2025.09.22"]
[Round "2.19"]
[White "Soham, Kamotra"]
[Black "Venkatesh Das"]
[Result "1-0"]
[WhiteTitle "IM"]
[WhiteElo "2414"]
[BlackElo "2013"]
[WhiteFideId "46647490"]
[BlackFideId "25943316"]
[EventDate "2025.09.21"]

1. Nf3 d5 2. e3 Nf6 3. c4 e6 4. Nc3 c6 5. b3 Nbd7 6. Qc2 Be7 7. Bb2 b6 8. d4 Bb7
9. Bd3 O-O 10. O-O c5 11. cxd5 exd5 12. Rfd1 Rc8 13. Qe2 Ne4 14. Bxe4 dxe4 15.
Ne5 Bf6 16. Qg4 Bxe5 17. dxe5 Nxe5 18. Qg3 Qe8 19. Nd5 Ng6 20. h4 Rd8 21. Nc7
Qe7 22. h5 Rxd1+ 23. Rxd1 Rd8 24. Rxd8+ Qxd8 25. hxg6 Qd1+ 26. Kh2 hxg6 27. Qe5
f6 28. Qe6+ Kh7 29. Ne8 Bc6 30. Nxg7 Kxg7 31. Bxf6+ Kh6 32. Qxc6 Qh5+ 33. Kg3 g5
34. Be5+ Qg6 35. Qxg6+ 1-0

[Event "62nd ch-IND 2025"]
[Site "Guntur IND"]
[Date "2025.09.22"]
[Round "2.20"]
[White "Druvesh Dondapati"]
[Black "Ravi, Teja S."]
[Result "0-1"]
[BlackTitle "IM"]
[WhiteElo "2011"]
[BlackElo "2410"]
[WhiteFideId "33405980"]
[BlackFideId "5017220"]
[EventDate "2025.09.21"]

1. d4 d5 2. c4 e6 3. Nf3 Nf6 4. g3 Bb4+ 5. Bd2 Be7 6. Bg2 O-O 7. Qc2 Nbd7 8. O-O
c6 9. Rd1 a5 10. Bf4 h6 11. Ne5 a4 12. Nc3 a3 13. e4 axb2 14. Qxb2 Nb6 15. a4
Nxc4 16. Nxc4 dxc4 17. d5 exd5 18. exd5 cxd5 19. Nxd5 Nxd5 20. Bxd5 Bf6 21. Be5
Bxe5 22. Qxe5 Qa5 23. Qd4 c3 24. Rac1 Qxa4 25. Qxa4 Rxa4 26. Rxc3 b5 27. Rc7 Bg4
28. Re1 Rd4 29. Re5 Bh3 30. f3 Rd2 31. Rh5 g6 32. Rxh3 Rxd5 33. Rxh6 Rd2 34. Rh4
Ra8 35. Rc1 Raa2 36. Rb1 Kg7 37. Kf1 g5 38. Rh5 Kg6 39. g4 f6 40. h4 Rh2 41. Kg1
gxh4 42. Ra1 Rag2+ 43. Kf1 b4 44. Rb1 Rc2 45. Kg1 h3 46. Rxh3 Rxh3 47. Rxb4 Rg3+
48. Kf1 Rxf3+ 49. Ke1 Ra3 0-1

[Event "62nd ch-IND 2025"]
[Site "Guntur IND"]
[Date "2025.09.22"]
[Round "2.21"]
[White "Sharsha Backer"]
[Black "Jain, Kashish Manoj"]
[Result "0-1"]
[BlackTitle "IM"]
[WhiteElo "2011"]
[BlackElo "2398"]
[WhiteFideId "46666044"]
[BlackFideId "35081098"]
[EventDate "2025.09.21"]

1. d4 e6 2. c4 b6 3. Nf3 Bb7 4. Nc3 Bb4 5. Bd2 Nf6 6. e3 O-O 7. Bd3 d5 8. cxd5
exd5 9. O-O Nbd7 10. Rc1 a6 11. Qc2 Re8 12. Rfe1 Bd6 13. e4 dxe4 14. Nxe4 Nxe4
15. Bxe4 Bxe4 16. Rxe4 Nf6 17. Rxe8+ Qxe8 18. Re1 Qb5 19. Rf1 Qe8 20. Re1 Qb5
21. Ne5 Re8 22. Nc4 Rxe1+ 23. Bxe1 Qd5 24. Nxd6 Qxd6 25. Qf5 Qd8 26. h3 a5 27.
Bd2 h6 28. Qe5 Nd5 29. Qf5 Nf6 30. Qe5 Nd5 31. Qf5 Kf8 32. g3 Qd6 33. h4 Ke7 34.
Kg2 Qe6 35. Qf3 Kd7 36. Qd3 h5 37. Kf1 g6 38. Bg5 Nb4 39. Qb5+ Qc6 40. Qe5 Qc4+
41. Kg1 Qxa2 42. Qh8 Qe6 43. Qe5 Qa2 44. Qh8 Qe6 45. Qd8+ Kc6 46. Qa8+ Kb5 47.
Qf3 Qd5 48. Qe2+ Kc6 49. Bf6 Kb7 50. f3 Qc6 51. Qe4 Kc8 52. Bg5 Qxe4 53. fxe4
Nd3 54. b3 b5 55. Kf1 a4 56. bxa4 bxa4 57. Be7 c5 58. dxc5 a3 59. c6 a2 60. Bf6
Nc5 61. Kg2 Nxe4 62. Be5 f6 63. Bb2 Kc7 64. Kf3 f5 0-1